000 01970cam a22004094i 4500
003 PE-LiUPU
005 20250731173140.0
008 150623s r 000 0 d
035 _a(Sirsi) a27362
040 _aPE-LiUPU
_bspa
_cPE-LiUPU
_erda
082 0 4 _a224.504
_bH23S
_221
100 1 _aHaskell, Stephen N.,
_eautor.
245 1 4 _aThe story of the seer of Patmos /
_cStephen N. Haskell.
264 1 _aWashington, DC :
_bSouthern Publishing Association,
_c1977.
300 _a424 páginas :
_bilustraciones, gráficos, fotos ;
_c20 cm.
336 _atext
_2rdacontent
337 _aunmediated
_2rdamedia
338 _avolume
_2rdacarrier
505 0 _aThe seer of Patmos. The author of the revelation. The message to the churches. The message to the churches (continued). A glimpse of heaven. Who is worthy to open the book?. History in the seals. The sealing work. The trumpets. The beginning of woes. The voice of a mighty angel. The third woe. The great controversy. The beast from the sea and the beast from the earth. The thress angels messages. Preparation for the plagues. The seven last plagues. Babylon, the great mystery. Be ye separate. The two suppers. The judgment of the wicked. The glories of the New Jerusalem. The New Earth. Te sanctuary and its service.
526 _aSEG42
526 _aSEG41
526 _aSEG40
526 _aSEG39
526 _aP94
526 _aP87
526 _aP86
526 _aP85
526 _aP77
526 _aP76
526 _aP35
650 0 4 _aProfecias bíblicas.
942 _2ddc
_cBOOK
949 _a224.504 H23S
_wDEWEY
_c1
_i52641
_lCCODEBUL1
_mBUL
_p15.00
_r0
_sY
_tBOOK
_u2015-06-24
_xTEOLOGIA
_PP35
_0COMPRA
_o.STAFF. Colección General
596 _a1
999 _a224.504 H23S
_wDEWEY
_c34494
_i52641
_f2021-11-9
_g5
_lCCODEBUL1
_mBUL
_p15.00
_r0
_sY
_tBOOK
_u2015-6-24
_xTEOLOGIA
_PP35
_0COMPRA
_o.STAFF. Colección General
_d34494
980 _81
_gALBERTO SANCHEZ Responsable de Automatización